[Event "82. Provinciale VE"]
[Site "Mestre ITA"]
[Date "2023.01.29"]
[Round "4.12"]
[White "Arcudi, Gioele"]
[Black "Giuliani, Marco"]
[Result "1-0"]
[WhiteElo "1298"]
[BlackElo "999"]
[Annotator "Gabriele Ballarin"]
[PlyCount "127"]
[EventDate "2023.01.27"]
[EventType "swiss"]
[EventRounds "5"]
[EventCountry "ITA"]

1. e4 e5 2. Nf3 Nc6 3. Bc4 g6 4. d3 Be7 5. Nc3 h6 6. Be3 Nf6 7. h3 b6 8. Qd2 Bb7 9. Bxh6 Ng8 10. Bg5 f6 11. Be3 Bb4 12. a3 Bxc3 13. Qxc3 Qe7 14. Nd2 Na5 15. O-O-O O-O-O 16. f4 d6 17. Ba2 Kb8 18. fxe5 fxe5 19. Rhf1 Nh6 20. Bxh6 Rh7 21. Be3 Qh4 22. Nf3 Qg3 23. Qd2 Re8 24. Qf2 Qxf2 25. Rxf2 Rd7 26. b4 Nc6 27. Bd5 Ne7 28. Bxb7 Kxb7 29. d4 Rdd8 30. dxe5 dxe5 31. Rxd8 Rxd8 32. Rd2 Rf8 33. Rd7 Nc6 34. Rg7 a5 35. b5 Na7 36. a4 Rd8 37. Rxg6 Nc8 38. g4 Nd6 39. Nd2 Ka8 40. h4 Kb7 41. h5 c6 42. Rg7+ Kb8 43. Bxb6 Rc8 44. Bc7+ Rxc7 45. Rxc7 Kxc7 46. h6 Nf7 47. h7 Nh8 48. bxc6 Kxc6 49. Nc4 Kc5 50. Nxe5 Kb4 51. Nc6+ Kxa4 52. e5 Kb5 53. Nd4+ Kc5 54. e6 Kd6 55. Kb2 Ke7 56. c4 a4 57. c5 Ng6 58. g5 Nh8 59. Ka3 Ng6 60. Kxa4 Nh8 61. Kb5 Ng6 62. Kb6 Ne5 63. h8=Q Nc4+ 64. Kc7 1-0

[Event "82. Provinciale VE"]
[Site "Mestre ITA"]
[Date "2023.01.29"]
[Round "4.13"]
[White "Cedriano, Mattia"]
[Black "Patron, Cristobal"]
[Result "1/2-1/2"]
[WhiteElo "999"]
[BlackElo "999"]
[Annotator "Gabriele Ballarin"]
[PlyCount "126"]
[EventDate "2023.01.27"]
[EventType "swiss"]
[EventRounds "5"]
[EventCountry "ITA"]

1. e4 e5 2. Nf3 Nc6 3. Bb5 d6 4. Nc3 Bd7 5. O-O Nf6 6. Re1 Be7 7. d4 O-O 8. Bxc6 Bxc6 9. dxe5 dxe5 10. Qxd8 Raxd8 11. Nxe5 Bb4 12. Nxc6 bxc6 13. Bg5 Bxc3 14. bxc3 Rd6 15. e5 Re6 16. exf6 gxf6 17. Rxe6 fxe6 18. Bf4 e5 19. Be3 a6 20. Rd1 Rb8 21. a3 Rb2 22. Rc1 Ra2 23. Bc5 Kf7 24. Kf1 Ke6 25. Ke2 Kd5 26. Bb4 Kc4 27. Ke3 c5 28. Ba5 Rxa3 29. Bxc7 Rxc3+ 30. Kd2 e4 31. Ra1 Kd4 32. Ra4+ Rc4 33. Rxc4+ Kxc4 34. g4 Kd4 35. c3+ Kc4 36. Ke3 Kxc3 37. Kxe4 Kb3 38. Ba5 c4 39. Kf5 c3 40. Bxc3 Kxc3 41. Kxf6 a5 42. Ke7 a4 43. f4 a3 44. f5 a2 45. f6 a1=Q 46. f7 Qe1+ 47. Kf8 Kd4 48. Kg8 Qh4 49. f8=Q Qxg4+ 50. Qg7+ Qxg7+ 51. Kxg7 h5 {=} 52. h4 Ke5 53. Kg6 Ke6 54. Kxh5 Kf6 55. Kg4 Kg6 56. h5+ Kh6 57. Kh4 Kh7 58. Kg5 Kg7 59. h6+ Kh7 60. Kh5 Kh8 61. Kg6 Kg8 62. h7+ Kh8 63. Kf7 Kxh7 1/2-1/2

[Event "82. Provinciale VE"]
[Site "Mestre ITA"]
[Date "2023.01.29"]
[Round "5.1"]
[White "Rizzo, Nicodemo"]
[Black "Gallo, Enrico"]
[Result "0-1"]
[WhiteElo "1472"]
[BlackElo "2095"]
[Annotator "Gabriele Ballarin"]
[PlyCount "82"]
[EventDate "2023.01.27"]
[EventType "swiss"]
[EventRounds "5"]
[EventCountry "ITA"]

1. d4 Nf6 2. c4 c5 3. Nf3 cxd4 4. Nxd4 g6 5. e3 Bg7 6. Nc3 O-O 7. Be2 Nc6 8. O-O Nxd4 9. Qxd4 d6 10. Qd1 Be6 11. b3 Ne4 12. Nxe4 Bxa1 13. Bd2 Bg7 14. Bf3 Rb8 15. Bc3 f6 16. Qa1 Kh8 17. Ng5 Bg8 18. Rd1 Qd7 19. h3 Qf5 20. Ne4 Rbd8 21. Ng3 Qc8 22. Bg4 Qc7 23. Bf3 e5 24. Bd5 f5 25. Qc1 Bxd5 26. Rxd5 e4 27. Ba5 b6 28. Bb4 Be5 29. Ne2 Rfe8 30. Qd2 a6 31. a4 Qe7 32. Nd4 Rc8 33. Ne2 Red8 34. Nd4 Qf6 35. Ne2 g5 36. Nd4 f4 37. Ne2 f3 38. Ng3 fxg2 39. Nxe4 Qf5 40. Nxd6 Qxh3 41. Nf7+ Kg7 0-1

[Event "82. Provinciale VE"]
[Site "Mestre ITA"]
[Date "2023.01.29"]
[Round "5.2"]
[White "Frascerra, Andrea"]
[Black "Porta, Federico"]
[Result "1/2-1/2"]
[WhiteElo "1282"]
[BlackElo "1750"]
[Annotator "Gabriele Ballarin"]
[PlyCount "30"]
[EventDate "2023.01.27"]
[EventType "swiss"]
[EventRounds "5"]
[EventCountry "ITA"]

1. e4 c6 2. d4 d5 3. e5 Bf5 4. Be3 Qb6 5. b3 Nd7 6. Nf3 e6 7. Be2 Ne7 8. Nbd2 Bg6 9. O-O Nf5 10. c4 Be7 11. Qc1 O-O 12. c5 Qc7 13. b4 f6 14. Qc3 Bh5 15. Rfe1 Bg6 {=} 1/2-1/2

[Event "82. Provinciale VE"]
[Site "Mestre ITA"]
[Date "2023.01.29"]
[Round "5.3"]
[White "Moretto, Christian"]
[Black "Nicolardi, Edoardo"]
[Result "0-1"]
[WhiteElo "1425"]
[BlackElo "1317"]
[Annotator "Gabriele Ballarin"]
[PlyCount "98"]
[EventDate "2023.01.27"]
[EventType "swiss"]
[EventRounds "5"]
[EventCountry "ITA"]

1. e4 e5 2. Nf3 Nc6 3. Bc4 Nf6 4. d3 h6 5. Be3 d6 6. h3 Be7 7. O-O O-O 8. Nc3 Be6 9. Bb3 Bxb3 10. axb3 a6 11. d4 Re8 12. d5 Na7 13. Nh4 Nxe4 14. Nxe4 Bxh4 15. Qg4 Kh8 16. Qh5 Rf8 17. g3 Be7 18. Ra4 Nc8 19. Nc3 Bg5 20. Rg4 g6 21. Bxg5 gxh5 22. Bxd8 hxg4 23. Bf6+ Kh7 24. hxg4 Nb6 25. Kg2 Kg6 26. Bh4 f5 27. Kh3 fxg4+ 28. Kxg4 Rf5 29. Re1 Rxf2 30. Rc1 Raf8 31. Kh3 Rd2 32. Ne4 Rxd5 33. g4 Rd4 34. Ng3 Nd5 35. Kg2 Rd2+ 36. Kg1 Ne3 37. Ne4 Rg2+ 38. Kh1 Rf3 39. Bg3 Rgxg3 40. Nxg3 Rxg3 41. c4 Rxg4 42. Rc3 Nf5 43. b4 Nd4 44. c5 d5 45. Re3 Kf5 46. Rh3 e4 47. Rxh6 Nf3 48. Rh5+ Kg6 49. Rxd5 Rg1# 0-1

[Event "82. Provinciale VE"]
[Site "Mestre ITA"]
[Date "2023.01.29"]
[Round "5.4"]
[White "Bozzao, Francesco"]
[Black "Gazzato, Nicolò"]
[Result "1-0"]
[WhiteElo "1832"]
[BlackElo "1254"]
[Annotator "Gabriele Ballarin"]
[PlyCount "79"]
[EventDate "2023.01.27"]
[EventType "swiss"]
[EventRounds "5"]
[EventCountry "ITA"]

1. d4 Nf6 2. c4 g6 3. Nc3 Bg7 4. g3 c6 5. Bg2 d6 6. Nf3 Bg4 7. O-O O-O 8. h3 Bxf3 9. Bxf3 Nbd7 10. e4 Qc7 11. Be3 e5 12. d5 c5 13. Qd2 Ne8 14. Bg2 f6 15. f4 Nb6 16. b3 Qe7 17. Rf2 Rf7 18. Raf1 Rd8 19. h4 h6 20. f5 g5 21. hxg5 hxg5 22. Bf3 Bh8 23. Bh5 Rh7 24. Rh2 Rh6 25. Bf7+ Kg7 26. Rxh6 Kxh6 27. Qh2+ Kg7 28. Bg6 Kg8 29. Kg2 Qg7 30. Rh1 a6 31. Qh5 Nc7 32. Bf7+ Kf8 33. Qxh8+ Qxh8 34. Rxh8+ Ke7 35. Rh7 Kf8 36. Bg6 Rd7 37. Rh8+ Ke7 38. Rb8 Nca8 39. a4 a5 40. Nb5 1-0

[Event "82. Provinciale VE"]
[Site "Mestre ITA"]
[Date "2023.01.29"]
[Round "5.5"]
[White "Lobina, Riccardo Marco"]
[Black "Casarin, Francesco"]
[Result "0-1"]
[WhiteElo "1294"]
[BlackElo "1619"]
[Annotator "Gabriele Ballarin"]
[PlyCount "104"]
[EventDate "2023.01.27"]
[EventType "swiss"]
[EventRounds "5"]
[EventCountry "ITA"]

1. c4 Nf6 2. Nc3 e6 3. e4 d5 4. e5 Ne4 5. cxd5 exd5 6. Nxe4 dxe4 7. Qa4+ Nc6 8. Qxe4 Bc5 9. Nf3 Be6 10. Bb5 Bd5 11. Bxc6+ Bxc6 12. Qe2 Qd7 13. e6 Qxe6 14. Qxe6+ fxe6 15. d4 Bb6 16. Be3 Bxf3 17. gxf3 O-O-O 18. O-O-O Rhf8 19. f4 Rd5 20. Rhg1 g6 21. Rg5 {=} Rfd8 22. Rxd5 Rxd5 23. Kc2 Rh5 24. Rh1 Rh3 25. Kd3 Kd7 26. Ke4 c6 27. Ke5 Ke7 28. Ke4 Kf6 29. Kd3 Kf5 30. Ke2 Ke4 31. Rg1 Rh5 32. Rg5 Rxg5 33. f3+ Kd5 34. fxg5 Bxd4 35. Bc1 c5 36. b3 b5 37. Kd3 a6 38. h3 c4+ 39. bxc4+ bxc4+ 40. Kc2 {=} Ke5 41. h4 Bf2 42. Kc3 Kd5 43. Bd2 Kc5 44. Bf4 Bxh4 45. Be3+ Kd5 46. a4 Be1+ 47. Kc2 c3 48. Bb6 Bd2 49. Bd8 Ke5 50. Bf6+ Kf5 51. a5 e5 52. Bd8 Bxg5 0-1

[Event "82. Provinciale VE"]
[Site "Mestre ITA"]
[Date "2023.01.29"]
[Round "5.6"]
[White "Pintonello, Francesco"]
[Black "Rossi, Gianni"]
[Result "1/2-1/2"]
[WhiteElo "1488"]
[BlackElo "1557"]
[Annotator "Gabriele Ballarin"]
[PlyCount "83"]
[EventDate "2023.01.27"]
[EventType "swiss"]
[EventRounds "5"]
[EventCountry "ITA"]

1. d4 Nf6 2. Nf3 g6 3. Bf4 Bg7 4. e3 d6 5. c4 O-O 6. Nc3 Nbd7 7. Be2 Nh5 8. Bg3 c6 9. Qd2 Nxg3 10. hxg3 e5 11. O-O-O Qa5 12. Kb1 a6 13. Ne4 Qxd2 14. Rxd2 d5 15. cxd5 cxd5 16. Nc3 e4 17. Ng5 Nf6 18. Nh3 Bd7 19. Nf4 Bc6 20. Rdd1 b5 21. Rc1 Rfc8 22. Bd1 a5 23. Bb3 Rd8 24. Nce2 Rac8 25. Rc5 Bf8 26. Rcc1 a4 27. Bd1 b4 28. Ng1 Bb5 29. Be2 Rxc1+ 30. Kxc1 Rc8+ 31. Kb1 Bc4 32. Ngh3 b3 33. a3 Bxe2 34. Nxe2 Rc2 35. Nc3 {=} Bxa3 36. Nxa4 Bb4 37. Rc1 Re2 38. Nc5 Ng4 39. Nxb3 {=} Nxf2 40. Nxf2 Rxf2 41. Rc2 Rf1+ 42. Rc1 1/2-1/2

[Event "82. Provinciale VE"]
[Site "Mestre ITA"]
[Date "2023.01.29"]
[Round "5.7"]
[White "Schiera, Ignazio"]
[Black "Gambarotto, Paolo"]
[Result "1-0"]
[WhiteElo "1543"]
[BlackElo "1266"]
[Annotator "Gabriele Ballarin"]
[PlyCount "69"]
[EventDate "2023.01.27"]
[EventType "swiss"]
[EventRounds "5"]
[EventCountry "ITA"]

1. e4 c6 2. Nf3 d5 3. exd5 cxd5 4. d4 Bg4 5. Be2 Nc6 6. c3 e6 7. Bf4 Bd6 8. Bg5 Nge7 9. h3 Bh5 10. Nbd2 Qc7 11. Nb3 Ng6 12. g4 Nf4 13. Bxf4 Bg6 14. Bxd6 Qxd6 15. Bd3 Qf4 16. Bxg6 fxg6 17. Nbd2 Rf8 18. Qe2 Rf7 19. O-O-O Rc8 20. Qxe6+ Kd8 21. Kb1 Kc7 22. Rhe1 Kb8 23. Qxd5 Rfc7 24. Qe4 Qf7 25. Qd3 Qd5 26. Nb3 Rf7 27. Ne5 Rxf2 28. Nxc6+ Ka8 29. Ne7 Qg2 30. Rd2 Rcf8 31. Ree2 Qf1+ 32. Kc2 R8f3 33. Rxf2 Qxd3+ 34. Rxd3 Rxf2+ 35. Nd2 1-0

[Event "82. Provinciale VE"]
[Site "Mestre ITA"]
[Date "2023.01.29"]
[Round "5.8"]
[White "Amadardo, Matteo"]
[Black "Radetich, Gioele"]
[Result "0-1"]
[WhiteElo "1376"]
[BlackElo "999"]
[Annotator "Gabriele Ballarin"]
[PlyCount "74"]
[EventDate "2023.01.27"]
[EventType "swiss"]
[EventRounds "5"]
[EventCountry "ITA"]

1. c4 g6 2. g3 Bg7 3. Bg2 Nf6 4. Nc3 c6 5. d3 d6 6. Nf3 O-O 7. O-O Nbd7 8. Bg5 h6 9. Be3 Re8 10. Qd2 Kh7 11. Qc2 e5 12. Rab1 Nf8 13. b4 d5 14. cxd5 Nxd5 15. Bd2 Nxc3 16. Bxc3 Qc7 17. Qb2 b5 18. Nd2 Bb7 19. f4 f6 20. fxe5 fxe5 21. Ne4 Ne6 22. Qb3 Re7 23. Rbc1 Rae8 24. Qb2 Nd4 25. Bh3 Bc8 26. Bxc8 Rxc8 27. Bxd4 exd4 28. Nf6+ Bxf6 29. Rxf6 Qe5 30. Rcxc6 Rxc6 31. Rxc6 Qe3+ 32. Kh1 Qf2 33. Rc1 Rxe2 34. Rc7+ Kh8 35. Rc8+ Kg7 36. Rc7+ Kf8 37. Rc8+ Ke7 0-1

[Event "82. Provinciale VE"]
[Site "Mestre ITA"]
[Date "2023.01.29"]
[Round "5.9"]
[White "Bardi, Enrico"]
[Black "Arcudi, Gioele"]
[Result "1-0"]
[WhiteElo "1195"]
[BlackElo "1298"]
[Annotator "Gabriele Ballarin"]
[PlyCount "61"]
[EventDate "2023.01.27"]
[EventType "swiss"]
[EventRounds "5"]
[EventCountry "ITA"]

1. e4 c5 2. Nf3 Nc6 3. d4 cxd4 4. Nxd4 e5 5. Nf3 Nf6 6. Bg5 h6 7. Bh4 Be7 8. Nc3 Qb6 9. Bxf6 Bxf6 10. Nd5 Qd8 11. Nd2 O-O 12. c3 d6 13. Nxf6+ Qxf6 14. Qf3 Qd8 15. Bc4 Be6 16. Qd3 Ne7 17. O-O d5 18. exd5 Bxd5 19. Bxd5 Qxd5 20. Qxd5 Nxd5 21. Nc4 f6 22. Rad1 Rfd8 23. Rd2 Nf4 24. Rfd1 Rxd2 25. Rxd2 Rc8 26. Ne3 Rc7 27. g3 Ne6 28. f3 Kf7 29. Kf2 Kg6 30. Nd5 Rc8 31. Ne7+ 1-0

[Event "82. Provinciale VE"]
[Site "Mestre ITA"]
[Date "2023.01.29"]
[Round "5.10"]
[White "Biondi, Carlo"]
[Black "Mamone, Elena Maria"]
[Result "1-0"]
[WhiteElo "1297"]
[BlackElo "1384"]
[Annotator "Gabriele Ballarin"]
[PlyCount "89"]
[EventDate "2023.01.27"]
[EventType "swiss"]
[EventRounds "5"]
[EventCountry "ITA"]

1. d4 d5 2. c4 c6 3. Nf3 Nf6 4. Nc3 Bg4 5. e3 Nbd7 6. Bd3 e5 7. Be2 Bxf3 8. gxf3 Be7 9. dxe5 Nxe5 10. cxd5 cxd5 11. Bd2 O-O 12. f4 Nc4 13. Bxc4 dxc4 14. Qf3 Qb6 15. O-O-O Qa6 16. e4 b5 17. e5 Nd7 18. Nd5 Bd8 19. a3 f6 20. Bb4 Re8 21. Nc7 Bxc7 22. Rxd7 Qc8 23. Qd5+ Kh8 24. Qf7 Rg8 25. Rxc7 Qg4 26. Bd2 Raf8 27. Qd7 Qg2 28. Rd1 a6 29. Be3 Qxh2 30. Qc6 Qh5 31. e6 Rd8 32. Rcd7 Rde8 33. Qd6 Qf5 34. e7 Qe4 35. Bc5 h6 36. Rd8 Kh7 37. Rxe8 Rxe8 38. Qd7 Qg6 39. Qxe8 Qxe8 40. Rd8 Qc6 41. e8=Q Qxc5 42. Qe4+ f5 43. Rd5 Qc7 44. Qxf5+ Kg8 45. Rd7 1-0

[Event "82. Provinciale VE"]
[Site "Mestre ITA"]
[Date "2023.01.29"]
[Round "5.11"]
[White "Rubini, Alessandro TV"]
[Black "Gaggio, Giacomo"]
[Result "0-1"]
[WhiteElo "1807"]
[BlackElo "1254"]
[Annotator "Gabriele Ballarin"]
[PlyCount "90"]
[EventDate "2023.01.27"]
[EventType "swiss"]
[EventRounds "5"]
[EventCountry "ITA"]

1. e4 e6 2. d4 d5 3. Nc3 Bb4 4. Nge2 dxe4 5. a3 Bxc3+ 6. Nxc3 Nc6 7. Be3 Nf6 8. g4 e5 9. g5 Ng4 10. d5 Ne7 11. Bb5+ c6 12. dxc6 Qxd1+ 13. Rxd1 bxc6 14. Ba4 Nxe3 15. fxe3 Bf5 16. Nd5 Rc8 17. O-O Bg6 18. Rf2 Nf5 19. Kf1 Kf8 20. Rxf5 Bxf5 21. Nb4 c5 22. Nc6 g6 23. Nxe5 Kg7 24. Rd6 h6 25. Rf6 Be6 26. h4 hxg5 27. hxg5 Rc7 28. Rf4 Bf5 29. Bc6 Rh5 30. Bxe4 Bxe4 31. Rxe4 Re7 32. Kf2 Rxg5 33. Nf3 Rxe4 34. Nxg5 Re7 35. Kf3 Kf6 36. Ne4+ Rxe4 37. Kxe4 Kg5 38. Kf3 a5 39. e4 Kh4 40. b3 g5 41. c3 Kh3 42. b4 g4+ 43. Kf2 Kh2 44. b5 g3+ 45. Kf3 g2 0-1

[Event "82. Provinciale VE"]
[Site "Mestre ITA"]
[Date "2023.01.29"]
[Round "5.12"]
[White "Zanata, Domenico"]
[Black "Cedriano, Mattia"]
[Result "0-1"]
[WhiteElo "1171"]
[BlackElo "999"]
[Annotator "Gabriele Ballarin"]
[PlyCount "112"]
[EventDate "2023.01.27"]
[EventType "swiss"]
[EventRounds "5"]
[EventCountry "ITA"]

1. e4 e6 2. d4 d5 3. e5 c5 4. Nf3 cxd4 5. Nxd4 Nc6 6. c3 Nxe5 7. Qb3 Bc5 8. Qb5+ Nd7 9. Nb3 Qb6 10. Nxc5 Qxc5 11. Be3 Qxb5 12. Bxb5 a6 13. Ba4 b5 14. Bb3 Bb7 15. O-O Ne7 16. Bg5 f6 17. Bh4 g5 18. Bg3 h5 19. Bd6 Nf5 20. Re1 e5 21. Bc7 Rc8 22. Ba5 h4 23. Bd1 Nd6 24. Nd2 h3 25. Bb4 Nc4 26. Nxc4 Rxc4 27. Bf3 Rch4 28. g3 Rc4 29. Rad1 e4 30. b3 Ne5 31. Be2 Rc8 32. Rf1 g4 33. Bd6 Nf3+ 34. Kh1 Rxc3 35. Bxf3 Rxf3 36. Bc5 f5 37. Bd4 Rf8 38. Be5 Ke7 39. Bf4 Ke6 40. Rc1 Rc8 41. Kg1 Rxc1 42. Rxc1 d4 43. Rc7 Rd3 44. Kf1 Bd5 45. Ke2 Rc3 46. Rxc3 {=} dxc3 47. b4 Bxa2 48. Kd1 Bb3+ 49. Kc1 Kd5 50. Kb1 Kd4 51. Be3+ Kd3 52. Kc1 Ke2 53. Bd4 c2 54. Be3 Kf1 55. f4 exf3 56. Kd2 f2 0-1

[Event "82. Provinciale VE"]
[Site "Mestre ITA"]
[Date "2023.01.29"]
[Round "5.13"]
[White "Tatulli Uva, Alberto"]
[Black "Formentin, John"]
[Result "0-1"]
[WhiteElo "999"]
[BlackElo "1069"]
[Annotator "Gabriele Ballarin"]
[PlyCount "94"]
[EventDate "2023.01.27"]
[EventType "swiss"]
[EventRounds "5"]
[EventCountry "ITA"]

1. c4 Nf6 2. Nc3 g6 3. g3 Bg7 4. Bg2 Nc6 5. Nf3 O-O 6. d3 d6 7. O-O Re8 8. Bd2 Bd7 9. a3 a5 10. b3 e5 11. e4 Bg4 12. Ne2 b6 13. Bg5 Ne7 14. Ra2 c6 15. Qd2 d5 16. exd5 cxd5 17. Nxe5 Qd6 {=} 18. Nxg4 Nxg4 19. Bxe7 Rxe7 20. Bxd5 Rae8 21. Bf3 Ne5 22. Be4 f5 23. Bd5+ Qxd5 24. cxd5 Nf3+ 25. Kg2 Nxd2 26. Rxd2 Rxe2 27. Rdd1 Rd8 28. Rc1 Rxd5 29. Rc6 b5 30. Kf3 Rd2 31. Re1 R2xd3+ 32. Kg2 Be5 33. f4 Bxf4 34. gxf4 Rd2+ 35. Kf1 {=} Kg7 36. Rc7+ Kh6 37. Ra7 b4 38. axb4 axb4 39. Rb7 Rxh2 40. Rxb4 Rdd2 41. Kg1 Rh3 42. Rc4 Rxb3 43. Rc7 Rh3 44. Ree7 Kh5 45. Rxh7+ Kg4 46. Rhg7 Kf3 47. Rc1 Rg2+ 0-1

[Event "82. Provinciale VE"]
[Site "Mestre ITA"]
[Date "2023.01.29"]
[Round "5.14"]
[White "Patron, Cristobal"]
[Black "Giuliani, Marco"]
[Result "0-1"]
[WhiteElo "999"]
[BlackElo "999"]
[Annotator "Gabriele Ballarin"]
[PlyCount "124"]
[EventDate "2023.01.27"]
[EventType "swiss"]
[EventRounds "5"]
[EventCountry "ITA"]

1. e4 e5 2. Nf3 Nc6 3. Bb5 a6 4. Bxc6 dxc6 5. Nxe5 Qd4 6. Nf3 Qxe4+ 7. Qe2 Qxe2+ 8. Kxe2 Bg4 9. Re1 O-O-O 10. Kf1 Bd6 11. Kg1 Bxf3 12. gxf3 Nf6 13. d3 Rhe8 14. Bd2 h6 15. Rxe8 Rxe8 16. Nc3 Bb4 17. a3 Bc5 18. Ne4 Nxe4 19. fxe4 Re5 20. Bc3 Rh5 21. Kh1 g6 22. f3 Bd6 23. e5 Bxe5 24. Bxe5 Rxe5 25. Rc1 g5 26. d4 Re2 27. h3 f5 28. b4 Kd7 29. c3 Re3 30. Kg2 h5 31. Kf2 Re6 32. Rg1 Rg6 33. f4 g4 34. hxg4 fxg4 35. Kg3 Rf6 36. Rd1 Kd6 37. c4 b5 38. c5+ Kd5 39. Rd2 Ke4 40. Kh4 Ke3 41. Ra2 Rf5 42. a4 Kf3 43. axb5 g3 44. Kh3 cxb5 45. Ra3+ Kxf4 46. Rxg3 Rg5 47. Rxg5 Kxg5 48. Kg3 Kf5 49. Kh4 Ke4 50. Kxh5 Kxd4 51. Kg4 Kc4 52. Kf3 Kxb4 53. Ke2 Kxc5 54. Kd2 Kc4 55. Kc2 b4 56. Kb2 b3 57. Kb1 Kc3 58. Ka1 b2+ 59. Kb1 a5 60. Ka2 Kc2 61. Ka3 b1=Q 62. Ka4 Qb4# 0-1

[Event "82.Camp. Veneto Quarti di Finale"]
[Site "Ceregnano ITA"]
[Date "2023.05.26"]
[Round "1.1"]
[White "Frescura, Davide"]
[Black "De Bianchi, Asia"]
[Result "1-0"]
[WhiteElo "2096"]
[BlackElo "1614"]
[Annotator "Gabriele Ballarin"]
[PlyCount "123"]
[EventDate "2023.05.26"]
[EventType "swiss"]
[EventRounds "5"]
[EventCountry "ITA"]

1. e4 c5 2. Nf3 e6 3. d4 cxd4 4. Nxd4 a6 5. Bd3 Qc7 6. O-O Nf6 7. Qe2 d6 8. c4 Nbd7 9. f4 Be7 10. Nc3 O-O 11. Kh1 b6 12. Bd2 Bb7 13. Rae1 Rfd8 14. Rf3 Bf8 15. Rh3 g6 16. Qf2 Bg7 17. Qh4 h5 18. Nf3 Nc5 19. Bb1 Ncd7 20. b3 Ng4 21. Ng5 Nf8 22. Rf3 f6 23. Nh3 d5 24. exd5 exd5 25. Nxd5 Bxd5 26. cxd5 Rxd5 27. Be4 Rxd2 28. Bxa8 Qc2 29. Rff1 f5 30. Rc1 Qxa2 31. Rfd1 Rxd1+ 32. Rxd1 Kh8 33. Qg3 Qc2 34. Qd3 Qxd3 35. Rxd3 a5 36. Rd6 Nf6 37. Rxb6 N6d7 38. Rc6 Kg8 39. Ng5 Bd4 40. Rc4 Bc5 41. Bd5+ Kh8 42. Nf7+ Kg7 43. Ne5 Bd6 44. Nf7 Bb8 45. Rd4 Nb6 46. Ne5 Kf6 47. Nc6 Bxf4 48. Rxf4 Nxd5 49. Rd4 Ne7 50. Rd6+ Kf7 51. Ne5+ Ke8 52. Ra6 Kd8 53. Ra8+ Nc8 54. Rxa5 Nb6 55. Ra6 Kc7 56. Nc4 Nd5 57. Rd6 Nf4 58. Rf6 N4e6 59. Ne5 Kd6 60. Nxg6 Nd7 61. Rxf5 Nd4 62. Rxh5 1-0

[Event "82.Camp. Veneto Quarti di Finale"]
[Site "Ceregnano ITA"]
[Date "2023.05.26"]
[Round "1.2"]
[White "Zaghini, Matteo"]
[Black "Fregonese, Giulio"]
[Result "0-1"]
[WhiteElo "1590"]
[BlackElo "2026"]
[Annotator "Gabriele Ballarin"]
[PlyCount "238"]
[EventDate "2023.05.26"]
[EventType "swiss"]
[EventRounds "5"]
[EventCountry "ITA"]

1. g3 e5 2. Bg2 d5 3. d3 Nc6 4. a3 f5 5. e3 Nf6 6. Ne2 Bd6 7. b3 O-O 8. O-O Kh8 9. f4 Be6 10. Nd2 e4 11. d4 Ng4 12. Nb1 Ne7 13. h3 Nf6 14. b4 c6 15. Nd2 Ng6 16. Nb3 b6 17. Qe1 h5 18. h4 Bc8 19. Bh3 Ne7 20. Rf2 Qe8 21. Nc3 a6 22. Na4 Rb8 23. Nb2 Neg8 24. c4 Bc7 25. c5 b5 26. Nd1 Nh6 27. Rg2 Ra8 28. Rga2 Qg6 29. Nd2 a5 30. Nf1 Bd8 31. Kh1 Rf7 32. Nf2 Rfa7 33. Qd2 Nhg4 34. Nh2 Nh6 35. Nf1 Bd7 36. Qe2 Kh7 37. Qd2 Nhg4 38. Nh2 Nxf2+ 39. Qxf2 axb4 40. Kg2 bxa3 41. Bxa3 Ng8 42. Bb4 Rxa2 43. Rxa2 Rxa2 44. Qxa2 Bxh4 45. Nf1 Be7 46. Qa7 Nf6 47. Qc7 Bf8 48. Be1 Qe8 49. Ba5 Qa8 50. Kg1 Qe8 51. Kg2 Qg6 52. Be1 Kg8 53. Ba5 Qf7 54. Be1 g6 55. Ba5 Be8 56. Qd8 Qe7 57. Qb8 Qe6 58. Bd8 Nd7 59. Qb7 Bg7 60. Ba5 Nf8 61. Bd2 Qd7 62. Qa8 Kf7 63. Bc3 Bf6 64. Nd2 Ne6 65. Nb3 Qd8 66. Qb7+ Qc7 67. Qa8 Qd7 68. Kf2 Qe7 69. Kg2 Nd8 70. Nd2 Qb7 71. Qa5 Ne6 72. Nf1 Bd7 73. Bd2 Bc8 74. Qa3 Qa6 75. Qxa6 Bxa6 76. Ba5 Bc8 77. Nd2 Bd7 78. Nb3 Be8 79. Be1 Ke7 80. Na5 Nd8 81. Nb3 Kd7 82. Kf2 Kc8 83. Ke2 Kb7 84. Ba5 Ne6 85. Kd1 Ka6 86. Be1 Bd8 87. Bf1 Bc7 88. Kc2 Nd8 89. Kb2 Bd7 90. Ka3 Nb7 91. Bb4 Bd8 92. Be1 Be8 93. Be2 g5 94. Bf1 gxf4 95. gxf4 h4 96. Bh3 Bg6 97. Bd2 Na5 98. Nxa5 Bxa5 99. Bb4 Bd8 100. Be1 Kb7 101. Kb3 Kc8 102. Kc2 Kd7 103. Kc1 Ke6 104. Bc3 Bh5 105. Be1 Bg4 106. Bf1 Kf7 107. Kb2 Kg6 108. Ka3 Kh5 109. Kb4 h3 110. Bg3 Bh4 111. Bh2 Be1+ 112. Kb3 Bd1+ 113. Kb2 Kh4 114. Bxb5 cxb5 115. c6 Ba5 116. Kc1 Ba4 117. Kb2 b4 118. Ka2 Bxc6 119. Kb3 Bb5 0-1

[Event "82.Camp. Veneto Quarti di Finale"]
[Site "Ceregnano ITA"]
[Date "2023.05.26"]
[Round "1.4"]
[White "Carlino, Alessandro"]
[Black "Canella, Jacopo"]
[Result "0-1"]
[WhiteElo "1506"]
[BlackElo "1903"]
[Annotator "Gabriele Ballarin"]
[PlyCount "138"]
[EventDate "2023.05.26"]
[EventType "swiss"]
[EventRounds "5"]
[EventCountry "ITA"]

1. e4 c6 2. d4 d5 3. exd5 cxd5 4. c4 Nf6 5. Nc3 e6 6. Nf3 Bb4 7. Bg5 h6 8. Bh4 O-O 9. Bd3 dxc4 10. Bxc4 Nbd7 11. O-O Be7 12. Qe2 Nb6 13. Bb3 Nbd5 14. Rfe1 b6 15. Nxd5 Nxd5 16. Bxd5 Qxd5 17. Bxe7 Re8 18. Bh4 Bb7 19. Qe5 Qd7 20. Rac1 Rac8 21. Red1 f6 22. Qe3 g5 23. Bg3 Qd5 24. Rxc8 Rxc8 25. Qb3 Qc6 26. Re1 Re8 27. Qc3 Qd5 28. Qb3 Qc6 29. Rd1 h5 30. h3 Kg7 31. Qc3 Qd5 32. Qb3 Qc6 33. Qe3 Qd5 34. Rc1 Re7 35. Qb3 Qe4 36. Qc2 Qd5 37. Qc4 Qf5 38. Nd2 h4 39. Bh2 g4 40. hxg4 Qxg4 41. f3 Qg5 42. Qe2 Qd5 43. Nb3 a5 44. Qc4 Qg5 45. Qc3 h3 46. g3 Kg8 47. Re1 a4 48. Nd2 Rc7 49. Qe3 Qxe3+ 50. Rxe3 Rc1+ 51. Kf2 Rh1 52. Nf1 Ba6 53. Re2 Kf7 54. g4 Bc4 55. Ke1 Kg6 56. b3 axb3 57. axb3 Bxb3 58. Bg3 Bc4 59. Rf2 b5 60. Bd6 Kg5 61. Be7 h2 62. Bd6 e5 63. dxe5 Rxf1+ 64. Rxf1 Bxf1 65. Kxf1 h1=Q+ 66. Ke2 Qg2+ 67. Ke3 fxe5 68. Bxe5 Qc2 69. f4+ Kxg4 0-1

[Event "82.Camp. Veneto Quarti di Finale"]
[Site "Ceregnano ITA"]
[Date "2023.05.26"]
[Round "1.5"]
[White "De Bortoli, Francesco"]
[Black "Morganti, Lionello"]
[Result "1/2-1/2"]
[WhiteElo "1894"]
[BlackElo "1472"]
[Annotator "Gabriele Ballarin"]
[PlyCount "40"]
[EventDate "2023.05.26"]
[EventType "swiss"]
[EventRounds "5"]
[EventCountry "ITA"]

1. e4 d6 2. d4 Nf6 3. Nc3 g6 4. Nf3 Bg7 5. h3 O-O 6. Bc4 Nxe4 7. Bxf7+ Rxf7 8. Nxe4 Nc6 9. c3 e5 10. Neg5 Rf8 11. d5 Ne7 12. Qb3 Rb8 13. Be3 b6 14. O-O-O Nf5 15. Ne6 Bxe6 16. dxe6 Qe7 17. Bg5 Bf6 18. h4 Rbe8 19. Bxf6 Rxf6 20. Qc4 Ng7 {=} 1/2-1/2

[Event "82.Camp. Veneto Quarti di Finale"]
[Site "Ceregnano ITA"]
[Date "2023.05.26"]
[Round "1.6"]
[White "Belloni, Umberto"]
[Black "Cervatti, Michele"]
[Result "0-1"]
[WhiteElo "1457"]
[BlackElo "1860"]
[Annotator "Gabriele Ballarin"]
[PlyCount "72"]
[EventDate "2023.05.26"]
[EventType "swiss"]
[EventRounds "5"]
[EventCountry "ITA"]

1. d4 d5 2. Bf4 Nf6 3. e3 c5 4. c3 Nc6 5. Bd3 e6 6. Nd2 Bd6 7. Bxd6 Qxd6 8. f4 b6 9. Nh3 Bb7 10. O-O h6 11. Nf2 O-O-O 12. Nf3 Nd7 13. Ne5 Ncxe5 14. fxe5 Qe7 15. Qa4 Kb8 16. Bb5 Bc8 17. Qa3 f6 18. Bxd7 Bxd7 19. Ng4 f5 20. Nf2 g5 21. dxc5 Qxc5 22. Qxc5 bxc5 23. a4 c4 24. Rfb1 Kc7 25. b3 cxb3 26. Rxb3 Rb8 27. Rba3 Rb2 28. Nd1 Rb7 29. Kf2 Rhb8 30. Ke2 Be8 31. Kd3 Bh5 32. R3a2 Rb1 33. Nf2 Rxa1 34. Rxa1 Rb2 35. Nd1 Be2+ 36. Kd4 Rd2+ 0-1